000 00593nam a2200241 a 4500
001 nice12345678
003 IN_TiNIC
005 20260116012605.0
008 050524s1976 alla grp 000 0 urd
020 _a
_c2.5
082 0 0 _a891.4391
_bZAI
100 _aZaidi, Mohd Ali
245 _aDiwan-E-Dagh
260 _aAllahabad
_bRam Narain Lal
_c1976
300 _a160p
500 _aincludes index and biblioraphy
505 2 _aFoot notes by Maulana Maulvi Ilahi Bakhsh.
650 _aUrdu-Poetry
700 1 _aZaidi, Mohd Ali
902 _bSRS
942 _cBK
999 _c7574
_d7574